Slovensko a Európska únia
Salvato in:
| Autore principale: | |
|---|---|
| Ente Autore: | |
| Altri autori: | , , , , , , |
| Natura: | Libro |
| Lingua: | slovacco |
| Pubblicazione: |
Bratislava
Vydavateľstvo Ekonóm
1998
|
| Soggetti: | |
| Tags: |
Nessun Tag, puoi essere il primo ad aggiungerne!!
|
MARC
| LEADER | 00000nam a2200000 4500 | ||
|---|---|---|---|
| 001 | c100730 | ||
| 005 | 20221123133441.9 | ||
| 020 | |a 80-225-0886-1 | ||
| 041 | 0 | |a slo | |
| 044 | |a SK | ||
| 245 | 1 | 0 | |a Slovensko a Európska únia |c Vedúci autorského kolektívu: Ľubomír Michník |
| 264 | 1 | |a Bratislava |b Vydavateľstvo Ekonóm |c 1998 | |
| 300 | |a 219 s. | ||
| 610 | 2 | 0 | |a Európska únia |
| 610 | 2 | 0 | |a Slovensko |
| 610 | 2 | 0 | |a integrácia |
| 610 | 2 | 0 | |a ukazovatele ekonomické |
| 610 | 2 | 0 | |a pomoc zahraničná |
| 610 | 2 | 0 | |a pomoc hospodárska |
| 610 | 2 | 0 | |a podpora podnikania |
| 610 | 2 | 0 | |a podnikanie malé |
| 610 | 2 | 0 | |a podnikanie stredné |
| 610 | 2 | 0 | |a zdroje finančné |
| 610 | 2 | 0 | |a politika dopravná |
| 610 | 2 | 0 | |a spolupráca hospodárska medzinárodná |
| 610 | 2 | 0 | |a certifikácia |
| 610 | 2 | 0 | |a akreditácia |
| 610 | 2 | 0 | |a politika |
| 610 | 2 | 0 | |a integrácia ekonomická medzinárodná |
| 100 | 1 | |a Michník, Ľubomír | |
| 700 | 1 | |a Kollár, Vojtech | |
| 700 | 1 | |a Lipková, Ľudmila | |
| 700 | 1 | |a Smreková, Marta | |
| 700 | 1 | |a Torma, Štefan | |
| 700 | 1 | |a Hansenová, Heda | |
| 700 | 1 | |a Šíbl, Drahoš | |
| 700 | 1 | |a Mihók, Peter | |
| 710 | 2 | |a Ekonomická univerzita v Bratislave. Obchodná fakulta | |